00389nam a2200133Ia 4500008004100000082001600041100002100057245002200078260002000100600001200120942000700132952009900139999001700238241002s9999 xx 000 0 und d a973.972 KEN aKennedy, John F. 0aCreative American aNew York:c1962 aHistory cUC 00104070aUITUbUITUd1994-01-01l0o973.972 KENpUC255r2024-10-02 09:31:14w2024-10-02yUC c18582d18582